[Event "FICGS rapid C 000126 email"]
[Site "FICGS email"]
[Date "2015.07.10"]
[Round "1"]
[White "Ramos, Francisco Miguel R"]
[Black "Rossi, Franco"]
[Result "1-0"]
[WhiteElo "1526"]
[BlackElo "1800"]
[PlyCount "25"]
[EventDate "2015.??.??"]
[EventType "tourn (rapid)"]
[EventRounds "4"]
[SourceTitle "Corr 2022"]
[Source "ChessBase"]
[SourceDate "2021.10.24"]
[SourceVersion "1"]
[SourceVersionDate "2021.10.24"]
[SourceQuality "1"]

1. e4 e5 2. Nf3 Nf6 3. d4 exd4 4. e5 Qe7 5. Qxd4 Nc6 6. Qc3 Ng4 7. Bf4 Ngxe5 8. Nxe5 d6 9. Bb5 dxe5 10. Bxc6+ bxc6 11. Qxc6+ Bd7 12. Qxa8+ Qd8 13. Qxd8+ 1-0

[Event "FICGS class C 000223 email"]
[Site "FICGS email"]
[Date "2015.07.07"]
[Round "1"]
[White "Rossi, Franco"]
[Black "Domingo Gadea, Jordi"]
[Result "0-1"]
[WhiteElo "1800"]
[BlackElo "1712"]
[PlyCount "22"]
[EventDate "2015.??.??"]
[EventType "tourn (corr)"]
[EventRounds "1"]
[SourceTitle "Corr 2022"]
[Source "ChessBase"]
[SourceDate "2021.10.24"]
[SourceVersion "1"]
[SourceVersionDate "2021.10.24"]
[SourceQuality "1"]

1. e4 e5 2. Bc4 f5 3. Qf3 Nf6 4. d3 Nc6 5. Ne2 f4 6. g3 d5 7. exd5 Bg4 8. dxc6 Bxf3 9. cxb7 Bxb7 10. 0-0 Qd7 11. gxf4 Qg4+ 0-1

[Event "FICGS rapid B 000231 email"]
[Site "FICGS email"]
[Date "2015.07.03"]
[Round "1"]
[White "Carrizo, Jose Luis"]
[Black "Rossi, Franco"]
[Result "1-0"]
[WhiteElo "2066"]
[BlackElo "1800"]
[PlyCount "21"]
[EventDate "2015.??.??"]
[EventType "tourn (rapid)"]
[EventRounds "6"]
[SourceTitle "Corr 2022"]
[Source "ChessBase"]
[SourceDate "2021.10.24"]
[SourceVersion "1"]
[SourceVersionDate "2021.10.24"]
[SourceQuality "1"]

1. e4 c5 2. Nf3 Nc6 3. d4 cxd4 4. Nxd4 e5 5. Nb5 Nf6 6. N1c3 d6 7. Bg5 a6 8. Na3 Be7 9. Nc4 b5 10. Bxf6 Bxf6 11. Nxd6+ 1-0

[Event "FICGS rapid B 000231 email"]
[Site "FICGS email"]
[Date "2015.07.03"]
[Round "1"]
[White "Rossi, Franco"]
[Black "Sternik, Ryszard"]
[Result "0-1"]
[WhiteElo "1800"]
[BlackElo "1797"]
[PlyCount "24"]
[EventDate "2015.??.??"]
[EventType "tourn (rapid)"]
[EventRounds "6"]
[SourceTitle "Corr 2022"]
[Source "ChessBase"]
[SourceDate "2021.10.24"]
[SourceVersion "1"]
[SourceVersionDate "2021.10.24"]
[SourceQuality "1"]

1. e4 e5 2. Nf3 Nc6 3. d4 exd4 4. Nxd4 Bc5 5. Nxc6 Qf6 6. Qe2 bxc6 7. Nd2 Qe6 8. Nf3 Nf6 9. e5 Ng4 10. Be3 Bxe3 11. fxe3 Nxe5 12. Nxe5 Qxe5 0-1

[Event "FICGS class C 000227 email"]
[Site "FICGS email"]
[Date "2015.07.02"]
[Round "1"]
[White "Rossi, Franco"]
[Black "Bartsch, Reinhard Andrea"]
[Result "0-1"]
[WhiteElo "1800"]
[BlackElo "2009"]
[PlyCount "42"]
[EventDate "2015.??.??"]
[EventType "tourn (corr)"]
[EventRounds "1"]
[SourceTitle "Corr 2022"]
[Source "ChessBase"]
[SourceDate "2021.10.24"]
[SourceVersion "1"]
[SourceVersionDate "2021.10.24"]
[SourceQuality "1"]

1. e4 c5 2. Nf3 d6 3. d4 cxd4 4. Qxd4 Nc6 5. Qd1 Nf6 6. Nc3 e6 7. Bb5 Qc7 8. Bf4 a6 9. Ba4 b5 10. Bb3 Be7 11. 0-0 Bb7 12. Re1 0-0 13. e5 dxe5 14. Nxe5 Bd6 15. Nxc6 Bxf4 16. Nb4 Bxh2+ 17. Kh1 Qf4 18. Nd3 Qh4 19. Re3 Bf4+ 20. Rh3 Qxh3+ 21. Kg1 Qxg2# 0-1